00303nam a2200121Ia 4500008004100000100001600041245005900057260002300116300000800139650001000147942000700157999001700164190216s9999||||xx |||||||||||||| ||und|| aDastagiri D 0aHindi-Hindi Kahani Sahithya Ka Samaj Sahithya Adhyayan bNam Sahithyac2006 a152 aHindi cBK c16738d16738